Валюты стран Еврозоны до евро - Statistics

General Stats
  • This quiz has been taken 81 times
    25 since last reset
  • The average score is 16 of 27
Answer Stats
Страна Валюта до евро % Correct
Андорра Песета/французский франк
83%
Германия Немецкая марка
83%
Финляндия Финляндская марка
83%
Бельгия Бельгийский франк
78%
Люксембург Люксембургский франк
78%
Монако Монегасский франк
78%
Франция Французский франк
78%
Словакия Словацкая крона
74%
Эстония Эстонская крона
74%
Болгария лев
70%
Ирландия Ирландский фунт
70%
Кипр Кипрский фунт
70%
Латвия Лат
61%
Ватикан Ватиканская лира
57%
Италия Итальянская лира
57%
Литва Лит
57%
Мальта Мальтийская лира
57%
Сан-Марино Сан-маринская лира
57%
Австрия Австрийский шиллинг
52%
Испания Песета
52%
Греция Драхма
43%
Косово Сербский динар
43%
Черногория Сербский динар
43%
Нидерланды Гульден
39%
Хорватия Куна
35%
Португалия Португальский эскудо
30%
Словения Толар
22%
No matching quizzes found
Score Distribution
Percent of People with Each Score
Percentile by Number Answered
Your Score History
You have not taken this quiz since the last reset